Responses for Show #2932 - Tuesday, May 6, 1997

1997 International Tournament semifinal game 2.
From Stockholm, Sweden.

Contestants

[<< previous game]

Murat Sen, an aviation manager from Turkey

Eva Holmberg, a high school teacher from Gothenburg, Sweden

Michael Daunt, an accountant from Canada

[next game >>]

Jeopardy! Round responses

NAME THE AUTHOR
(SAG FORFATTAREN)
INTERNATIONAL FOOD & DRINK
(INTERNATIONELLA MAT & DRYCK)
DISCOVERIES
(UPPTACKAS)
BALLET
(BALLETT)
COLLEGES & UNIVERSITIES
(HOGSKOLOR & UNIVERSITET)
ENDS WITH "IST"
(SLUTAR MED "IST")
    $100 2
Homer

Eva
    $100 21
Japan

Murat
    $100 1
Dead Sea

Eva
    $100 26
Copenhagen

Eva
    $100 16
Prague

Michael
    $100 11
(shopping) List

Eva
    $200 3
Michael Crichton

Michael
    $200 22
(Alex: And Eva, Thank You for the correct pronounciation!)

Smorgasbord

Eva
    $200 4
Sodium

Eva
    $200 27
Emeralds

Eva
    $200 17
The Sorbonne

Eva
    $200 12
Wrist

Murat
    $300 5
Fyodor Dostoevsky

Michael
    $300 23
China

Michael
    $300 8
Antarctica

Michael
    $300 28
[The end-of-round signal sounds.]

Saint Francis of Assisi

Michael
    $300 18
University of Vienna

Michael
    $300 13
Mist

Murat
    $400 6
Gunter Grass

Triple Stumper
    $400 24
(Murat: What is Barbados?)
...
(Alex: And about a minute left in the round.)

Jamaica

EvaMurat
    $400 9
Electron

Michael
    $400 19
Oxford

Eva
    $400 14
Tourist

Michael
    $500 7
Albert Camus

Michael
    $500 25
Spain

Murat
    $1,000 10
Neptune

Michael
    $500 20
Liberia

Michael
    $500 15
Hypnotist

Michael

Scores at the first commercial break (after clue 16):

Michael Eva Murat
$3,700 $500 $500

Scores at the end of the Jeopardy! Round:

Michael Eva Murat
$5,100 $2,000 $700

Double Jeopardy! Round responses

HISTORIC EUROPEAN LEADERS
(HISTORISKA EUROPEISKA LEDARE)
COMIC ACTORS
(KOMIKER)
WORLD GEOGRAPHY
(VARLDS GEOGRAFI)
POTPOURRI
(POTPURRI)
PLAYS & PLAYWRIGHTS
(PJASER & DRAMATIKER)
PARDONNEZ MON FRANCAIS
    $200 6
Mikhail Gorbachev

Murat
    $200 1
Charlie Chaplin

Eva
    $200 21
Hungary

Michael
    $200 11
Jupiter

Michael
    $200 14
Vaclav Havel

Eva
    $200 26
To your health

Michael
    $400 7
Isabella

Michael
    $400 2
Jim Carrey

Michael
    $400 22
Andes

Eva
    $400 12
Camel

Michael
    $400 15
Joan of Arc

Eva
    $400 28
3

Michael
    $600 8
Marshal Josip Broz Tito

Eva
    $600 3
Canada

Michael
    $600 23
India

Murat
    $600 13
Qantas

Eva
    $600 16
August Strindberg

Michael
    $600 29
Stamps

Eva
    $800 9
John Lackland

Eva
    $800 4
Diane Keaton

Michael
    $800 24
Nigeria

Michael
    $800 19
the Montgolfier brothers

Murat
    $800 17
Eugene Ionesco

Michael
    $800 30
Deck of cards

Eva
    $1000 10
Wenceslas

Michael
    $1000 5
Antonio Banderas

Triple Stumper
    $1000 25
Falkland (or Malvinas) Islands

Eva
    $1000 20
Thebes

Michael
    $1,000 18
Eugene O'Neill

Michael
    $1,500 27
Figaro ("The Barber of Seville")

Michael

Scores at the end of the Double Jeopardy! Round:

Michael Eva Murat
$15,400 $7,600 $2,300
(lock game)

[wagering suggestions for these scores]

Final Jeopardy! Round responses

THE 7 ANCIENT WONDERS
MuratWhat are the gardens of babylone & the pyramids
$2,300
EvaWhat are the pyramids & the light
$7,599
MichaelWhat are Pyramids & Hanging Gardens
$0
Hanging Gardens of Babylon & the Pyramids of Egypt

Final scores:

Michael Eva Murat
$15,400 $1 $4,600
Finalist 3rd place: $5,000 2nd place: $5,000

Game dynamics:

Coryat scores:

Michael Eva Murat
$14,400 $7,600 $2,300
29 R
(including 3 DDs),
0 W
20 R,
0 W
7 R,
1 W

Combined Coryat: $24,300

[game clues] [game scores] [suggest correction]

Game tape date: 1997-04-19
The J! Archive is created by fans, for fans. Scraping, republication, monetization, and malicious use prohibited; this site may use cookies and collect identifying information. See terms. The Jeopardy! game show and all elements thereof, including but not limited to copyright and trademark thereto, are the property of Jeopardy Productions, Inc. and are protected under law. This website is not affiliated with, sponsored by, or operated by Jeopardy Productions, Inc. Join the discussion at JBoard.tv.